[Event "Moscow City Team-ch"]
[Site "Moscow"]
[Date "2021.09.14"]
[Round "4"]
[White "Volodin, Viktor Nikolaevich"]
[Black "Bardyk, Artem"]
[Result "1/2-1/2"]
[WhiteElo "2039"]
[BlackElo "1924"]
[PlyCount "115"]
[EventDate "2021.09.11"]
[EventType "team-swiss"]
[EventRounds "7"]
[EventCountry "RUS"]
[SourceTitle "EXT 2022"]
[Source "ChessBase"]
[SourceDate "2021.10.06"]
[SourceVersion "1"]
[SourceVersionDate "2021.10.06"]
[SourceQuality "1"]

1. e4 c6 2. d4 d5 3. exd5 cxd5 4. Bd3 Nc6 5. c3 Nf6 6. Bf4 g6 7. Nf3 Bf5 8. Ne5 Bxd3 9. Nxd3 Bg7 10. Qb3 Qc8 11. 0-0 0-0 12. a4 b6 13. Na3 Qb7 14. Nc2 e6 15. Rfd1 Na5 16. Qa2 Rac8 17. Ne3 Rfd8 18. Be5 Ne4 19. Bxg7 Kxg7 20. f3 Nd6 21. Re1 Nac4 22. Nxc4 Nxc4 23. Qb3 Qe7 24. Ne5 Qb7 25. Nd3 Qc7 26. Qc2 Qe7 27. Qc1 Qf6 28. Re2 Rc7 29. Qf4 Qe7 30. h4 h6 31. Ne5 Nd6 32. g3 g5 33. hxg5 hxg5 34. Qd2 Rh8 35. Kg2 Qf6 36. Ree1 Rcc8 37. Ng4 Qg6 38. Ne5 Qf6 39. Rh1 Rxh1 40. Rxh1 Rh8 41. Rxh8 Kxh8 42. g4 Kg7 43. b3 Qh6 44. Qe2 Qf6 45. Nc6 a5 46. Qe5 Qxe5 47. dxe5 Nb7 48. b4 f6 49. Kf2 fxe5 50. Nxe5 Nd6 51. Ke3 b5 52. bxa5 Kf6 53. Nd7+ Ke7 54. Nb6 bxa4 55. Kd3 Nb7 56. Nxa4 Nxa5 57. Nb6 Kd6 58. c4 1/2-1/2

[Event "Moscow op-A 17th"]
[Site "Moscow"]
[Date "2021.02.22"]
[Round "3"]
[White "Badelka, Olga"]
[Black "Volodin, Viktor Nikolaevich"]
[Result "1-0"]
[WhiteElo "2428"]
[BlackElo "2151"]
[PlyCount "57"]
[EventDate "2021.02.20"]
[EventType "swiss"]
[EventRounds "9"]
[EventCountry "RUS"]
[SourceTitle "CBM 200 Extra"]
[Source "ChessBase"]
[SourceDate "2021.03.31"]
[SourceVersion "1"]
[SourceVersionDate "2021.03.31"]
[SourceQuality "1"]

1. d4 d5 2. c4 e6 3. Nc3 Nf6 4. cxd5 exd5 5. Bg5 Be7 6. e3 0-0 7. Qc2 h6 8. Bh4 Be6 9. Nf3 Nbd7 10. Bd3 c5 11. 0-0 b6 12. h3 Nh5 13. Bxe7 Qxe7 14. Rfd1 Nhf6 15. Rac1 Rfd8 16. Ne5 Nxe5 17. dxe5 Ne8 18. f4 d4 19. exd4 cxd4 20. Ne2 Rac8 21. Qa4 Rxc1 22. Rxc1 Qb7 23. f5 Bd5 24. Qxd4 Qa8 25. e6 Bxe6 26. Qc3 Bd5 27. Nf4 Be4 28. Bxe4 Qxe4 29. Qg3 1-0

[Event "Stare Mesto op"]
[Site "Stare Mesto"]
[Date "2019.08.25"]
[Round "9"]
[White "Nytra, Ondrej"]
[Black "Volodin, Viktor Nikolaevich"]
[Result "1-0"]
[WhiteElo "2016"]
[BlackElo "2168"]
[PlyCount "75"]
[EventDate "2019.08.17"]
[EventType "swiss"]
[EventRounds "9"]
[EventCountry "CZE"]
[SourceTitle "EXT 2020"]
[Source "ChessBase"]
[SourceDate "2019.10.17"]
[SourceVersion "1"]
[SourceVersionDate "2019.10.17"]
[SourceQuality "1"]

1. e4 c5 2. Nf3 Nc6 3. d4 cxd4 4. Nxd4 e5 5. Nb5 d6 6. N1c3 a6 7. Na3 b5 8. Nd5 Be6 9. g3 Be7 10. Bg2 Nf6 11. 0-0 0-0 12. c3 Rb8 13. Nc2 Qd7 14. Nce3 Rfc8 15. f4 Bd8 16. b3 b4 17. Nxf6+ gxf6 18. f5 bxc3 19. Kh1 Nd4 20. Qg4+ Kh8 21. Nd5 Be7 22. fxe6 fxe6 23. Nxf6 Bxf6 24. Rxf6 Qg7 25. Qh4 Rg8 26. Bh6 Qg4 27. Qxg4 Rxg4 28. Rc1 Rc8 29. Bd2 Ne2 30. Rc2 Rgg8 31. Be1 d5 32. exd5 Kg7 33. Rf2 Nd4 34. Rxc3 Rxc3 35. Bxc3 Rc8 36. Bxd4 exd4 37. dxe6 d3 38. Be4 1-0

[Event "Stare Mesto op"]
[Site "Stare Mesto"]
[Date "2019.08.17"]
[Round "1"]
[White "Matus, Filip"]
[Black "Volodin, Viktor Nikolaevich"]
[Result "0-1"]
[WhiteElo "1847"]
[BlackElo "2168"]
[PlyCount "142"]
[EventDate "2019.08.17"]
[EventType "swiss"]
[EventRounds "9"]
[EventCountry "CZE"]
[SourceTitle "EXT 2020"]
[Source "ChessBase"]
[SourceDate "2019.10.17"]
[SourceVersion "1"]
[SourceVersionDate "2019.10.17"]
[SourceQuality "1"]

1. e4 c5 2. Nf3 Nc6 3. d4 cxd4 4. Nxd4 Nf6 5. Nc3 e5 6. Ndb5 d6 7. Nd5 Nxd5 8. exd5 Nb8 9. c4 Be7 10. Bd3 0-0 11. 0-0 Nd7 12. Kh1 a6 13. Nc3 f5 14. f4 g6 15. Be3 Bf6 16. Rc1 exf4 17. Bxf4 Ne5 18. b4 b6 19. Be3 Ng4 20. Bg1 Bg5 21. Rc2 Ne3 22. Bxe3 Bxe3 23. Qf3 Bd4 24. Ne2 Be5 25. Rcc1 Bd7 26. Qf2 a5 27. c5 bxc5 28. bxc5 dxc5 29. Rxc5 Qb6 30. Rb1 Qa7 31. Qg1 Bd6 32. Rcc1 Qxg1+ 33. Kxg1 Rab8 34. g3 Rxb1 35. Rxb1 Rb8 36. Rxb8+ Bxb8 37. Kf2 Ba7+ 38. Kf3 Kf7 39. Bc4 Kf6 40. Nf4 Ke5 41. Ne6 Bc8 42. h4 Bb7 43. Nf4 Kd4 44. Bb3 Kc3 45. Ke2 Bb8 46. Ke3 Be5 47. Ne2+ Kb4 48. Nf4 Kb5 49. Kf3 a4 50. Bd1 Bxf4 51. Kxf4 Bxd5 52. a3 Bb3 53. Be2+ Kc5 54. Ke5 Bc2 55. Bf1 Bd1 56. Bd3 Bf3 57. Bc2 Bc6 58. Bd3 Bb5 59. Bc2 Kc4 60. Kf6 Kc3 61. Bd1 Kb2 62. Kg7 Kxa3 63. Kxh7 Be8 64. Kg7 Kb4 65. Bxa4 Kxa4 66. Kf8 Bb5 67. Kf7 Bd3 68. Kf6 Kb4 69. Kg5 Kc5 70. g4 fxg4 71. Kxg4 Be2+ 0-1

[Event "Olomouc op 22nd"]
[Site "Olomouc"]
[Date "2019.08.14"]
[Round "6"]
[White "Volodin, Viktor Nikolaevich"]
[Black "Sacharewicz, Krzysztof"]
[Result "1-0"]
[WhiteElo "2168"]
[BlackElo "1797"]
[PlyCount "95"]
[EventDate "2019.08.10"]
[EventType "swiss"]
[EventRounds "9"]
[EventCountry "CZE"]
[SourceTitle "CBM 191 Extra"]
[Source "ChessBase"]
[SourceDate "2019.09.30"]
[SourceVersion "1"]
[SourceVersionDate "2019.09.30"]
[SourceQuality "1"]

1. Nf3 Nf6 2. c4 e6 3. g3 d5 4. d4 Bb4+ 5. Bd2 Qe7 6. Bg2 Ne4 7. 0-0 0-0 8. Bf4 dxc4 9. Qc2 Nd6 10. Nbd2 Nc6 11. Ng5 g6 12. Bxc6 bxc6 13. Nxc4 Nxc4 14. Qxc4 Bd6 15. Ne4 Bxf4 16. gxf4 Rb8 17. Qc3 Qh4 18. Qd2 Rd8 19. f3 Rb5 20. e3 Rh5 21. Qf2 Qe7 22. Rfc1 Bb7 23. Nc5 Rb8 24. Kh1 Bc8 25. Rc2 f6 26. Nd3 Ba6 27. Nc5 Bc8 28. Ne4 Rhb5 29. b3 Bd7 30. Qh4 Kg7 31. Rg1 Be8 32. Nc5 Rd8 33. Qg3 Kh8 34. Qg4 e5 35. fxe5 fxe5 36. Qe4 Rd5 37. Nd3 a5 38. Nxe5 Rxe5 39. dxe5 Rxe5 40. Qd4 c5 41. Qc3 Bc6 42. e4 h5 43. h3 Kh7 44. Rd2 Bb7 45. Rd7 Qxd7 46. Qxe5 h4 47. Rg4 Qd1+ 48. Kh2 1-0

[Event "Olomouc op 22nd"]
[Site "Olomouc"]
[Date "2019.08.13"]
[Round "5"]
[White "Lys, Josef"]
[Black "Volodin, Viktor Nikolaevich"]
[Result "1-0"]
[WhiteElo "2115"]
[BlackElo "2168"]
[PlyCount "139"]
[EventDate "2019.08.10"]
[EventType "swiss"]
[EventRounds "9"]
[EventCountry "CZE"]
[SourceTitle "CBM 191 Extra"]
[Source "ChessBase"]
[SourceDate "2019.09.30"]
[SourceVersion "1"]
[SourceVersionDate "2019.09.30"]
[SourceQuality "1"]

1. d4 d5 2. c4 e6 3. Nf3 Nf6 4. e3 c6 5. Be2 Nbd7 6. 0-0 Bd6 7. b3 0-0 8. Nc3 Re8 9. Bb2 dxc4 10. bxc4 e5 11. Qc2 exd4 12. exd4 Nf8 13. h3 Ng6 14. Rfe1 Nf4 15. Bf1 Be6 16. Ng5 Qd7 17. Nxe6 Rxe6 18. Re3 Rae8 19. Rae1 Bb8 20. Ne4 Nxe4 21. Rxe4 Rxe4 22. Rxe4 Rxe4 23. Qxe4 Qe6 24. Qe3 h6 25. g3 Nh5 26. Qf3 Nf6 27. Kg2 Qe4 28. Bd3 Qxf3+ 29. Kxf3 Bd6 30. c5 Bc7 31. Bf5 Nd5 32. Bc8 b5 33. Bd7 Ne7 34. d5 cxd5 35. Bxb5 f6 36. Bd7 Kf7 37. Ke3 Ng6 38. f4 h5 39. h4 Nf8 40. Bc6 Ke6 41. Be8 g6 42. Bc3 Ke7 43. Bc6 Ne6 44. Bb4 g5 45. fxg5 fxg5 46. Bxd5 gxh4 47. c6+ Kf6 48. gxh4 Ke5 49. Bf3 Bd8 50. Be1 Kd6 51. Bg3+ Kc5 52. Bxh5 Kxc6 53. Ke4 Kd7 54. Bg4 Ke7 55. Kd5 Nf8 56. Bf2 a5 57. a4 Kf7 58. h5 Nh7 59. Kc6 Ng5 60. Bf5 Kf6 61. Bd3 Nf3 62. Kb5 Ne5 63. Be2 Kg5 64. Be3+ Kf6 65. Bd2 Bc7 66. Bxa5 Bxa5 67. Kxa5 Nc6+ 68. Kb6 Nb4 69. a5 Kg5 70. Kc5 1-0

[Event "Olomouc op 22nd"]
[Site "Olomouc"]
[Date "2019.08.10"]
[Round "1"]
[White "Grabarczyk, Sylwester Piotr"]
[Black "Volodin, Viktor Nikolaevich"]
[Result "0-1"]
[WhiteElo "1784"]
[BlackElo "2168"]
[PlyCount "72"]
[EventDate "2019.08.10"]
[EventType "swiss"]
[EventRounds "9"]
[EventCountry "CZE"]
[SourceTitle "CBM 191 Extra"]
[Source "ChessBase"]
[SourceDate "2019.09.30"]
[SourceVersion "1"]
[SourceVersionDate "2019.09.30"]
[SourceQuality "1"]

1. e4 c5 2. Nc3 Nc6 3. f4 g6 4. Nf3 Bg7 5. Bc4 e6 6. 0-0 Nge7 7. Qe1 0-0 8. a3 d5 9. Ba2 Nd4 10. Bb1 b6 11. d3 Bb7 12. e5 Nef5 13. g4 Nxf3+ 14. Rxf3 Nd4 15. Rh3 Qe7 16. Be3 f5 17. g5 Nxc2 18. Bxc2 d4 19. Bxd4 cxd4 20. Nb5 Qc5 21. Nd6 Qxc2 22. Nxb7 Rf7 23. Rc1 Qxb2 24. Nd6 Rd7 25. a4 Bf8 26. Rc4 Rad8 27. Nb5 Bc5 28. Rf3 a6 29. Rf2 Qb3 30. Nd6 Qxd3 31. Rfc2 Bxd6 32. exd6 Rxd6 33. Rc8 Qe3+ 34. Qxe3 dxe3 35. Rxd8+ Rxd8 36. Kf1 Rd1+ 0-1

[Event "Pardubice Czech op-A 30th"]
[Site "Pardubice"]
[Date "2019.07.20"]
[Round "2"]
[White "Volodin, Viktor Nikolaevich"]
[Black "Karthik, Venkataraman"]
[Result "0-1"]
[WhiteElo "2178"]
[BlackElo "2480"]
[PlyCount "108"]
[EventDate "2019.07.19"]
[EventType "swiss"]
[EventRounds "9"]
[EventCountry "CZE"]
[SourceTitle "CBM 191"]
[Source "ChessBase"]
[SourceDate "2019.08.31"]
[SourceVersion "1"]
[SourceVersionDate "2019.08.31"]
[SourceQuality "1"]

1. Nf3 g6 2. c4 Bg7 3. d4 c5 4. e4 Qa5+ 5. Bd2 Qb6 6. Bc3 Nf6 7. Nbd2 cxd4 8. Bxd4 Qc7 9. Bd3 0-0 10. 0-0 Nc6 11. Bc3 d6 12. Qe2 Bg4 13. h3 Bxf3 14. Nxf3 Nd7 15. Bxg7 Kxg7 16. b4 Nde5 17. a3 a5 18. Qb2 f6 19. Be2 Rfc8 20. Nxe5 Nxe5 21. Rfc1 axb4 22. axb4 Rxa1 23. Qxa1 Qb6 24. Qc3 Nc6 25. c5 Qxb4 26. cxd6 Qxd6 27. Rd1 Qc7 28. Rb1 Rd8 29. Qb2 Qf4 30. Bf3 Rd7 31. Rd1 Rxd1+ 32. Bxd1 Qxe4 33. Bf3 Qe1+ 34. Kh2 Nb4 35. Bxb7 Nd3 36. Qb6 Qxf2 37. Qd8 Qf4+ 38. Kg1 Qe3+ 39. Kh2 Qe5+ 40. Kg1 Qc5+ 41. Kh2 Nf4 42. Qd2 Qc7 43. Bf3 Ne2+ 44. Kh1 Qc1+ 45. Qxc1 Nxc1 46. Kg1 Nd3 47. Kf1 e5 48. Ke2 Nc5 49. Bd5 f5 50. h4 Kf6 51. Ke3 h6 52. Bc4 g5 53. hxg5+ hxg5 54. Bd5 g4 0-1

[Event "Moscow-ch final"]
[Site "Moscow"]
[Date "2019.03.31"]
[Round "2"]
[White "Geivondian, Arman"]
[Black "Volodin, Viktor Nikolaevich"]
[Result "1-0"]
[WhiteElo "2388"]
[BlackElo "2191"]
[PlyCount "95"]
[EventDate "2019.03.30"]
[EventType "swiss"]
[EventRounds "9"]
[EventCountry "RUS"]
[SourceTitle "CBM 189 Extra"]
[Source "ChessBase"]
[SourceDate "2019.06.03"]
[SourceVersion "1"]
[SourceVersionDate "2019.06.03"]
[SourceQuality "1"]

1. d4 d5 2. c4 e6 3. Nc3 Nf6 4. cxd5 exd5 5. Bg5 c6 6. Qc2 Be7 7. Nf3 g6 8. e4 dxe4 9. Bxf6 Bxf6 10. Qxe4+ Qe7 11. Bc4 Bf5 12. Qxe7+ Bxe7 13. 0-0 Nd7 14. Rfe1 Kf8 15. h3 h5 16. Rad1 Rd8 17. Bb3 Nb6 18. Ne5 Nd5 19. Nxd5 cxd5 20. Rc1 Bd6 21. Red1 Be6 22. Nd3 b6 23. a3 Kg7 24. Rc3 Rc8 25. Rdc1 Rxc3 26. Rxc3 Rc8 27. Rxc8 Bxc8 28. Bxd5 h4 29. Ne5 Bxe5 30. dxe5 g5 31. Kf1 Kg6 32. Be4+ Bf5 33. f3 Bxe4 34. fxe4 g4 35. Kf2 Kg5 36. Ke3 b5 37. b3 a5 38. b4 a4 39. Kd4 Kf4 40. Kc5 gxh3 41. gxh3 Kxe5 42. Kxb5 Kxe4 43. Kxa4 f5 44. b5 Kd5 45. Kb4 f4 46. Kc3 Ke4 47. b6 f3 48. b7 1-0

[Event "Moscow-ch rapid"]
[Site "Moscow"]
[Date "2018.12.09"]
[Round "10"]
[White "Volodin, Viktor Nikolaevich"]
[Black "Gorbatov, Alexej"]
[Result "0-1"]
[WhiteElo "2175"]
[BlackElo "2389"]
[PlyCount "92"]
[EventDate "2018.12.08"]
[EventType "swiss (rapid)"]
[EventRounds "11"]
[EventCountry "RUS"]
[SourceTitle "CBM 187 Extra"]
[Source "ChessBase"]
[SourceDate "2018.11.04"]
[SourceVersion "1"]
[SourceVersionDate "2018.11.04"]
[SourceQuality "1"]

1. Nf3 Nf6 2. c4 a6 3. g3 b5 4. b3 Bb7 5. Bg2 g6 6. Bb2 Bg7 7. 0-0 c5 8. Nc3 Qb6 9. Nd5 Bxd5 10. cxd5 d6 11. e4 0-0 12. d3 Nbd7 13. Qe2 Ra7 14. Nd2 e6 15. dxe6 fxe6 16. Kh1 d5 17. e5 Ne8 18. d4 c4 19. b4 a5 20. Bc3 axb4 21. Bxb4 Qxd4 22. Bxf8 Bxf8 23. Nf3 Qb6 24. Ng5 Ng7 25. f4 Be7 26. g4 Ra3 27. Nf3 Nc5 28. Nd4 Nd3 29. Nc2 Ra4 30. f5 gxf5 31. gxf5 Nxf5 32. Bxd5 exd5 33. Qg4+ Ng7 34. Nd4 Nxe5 35. Qc8+ Qd8 36. Nc6 Nxc6 37. Qxc6 Qa8 38. Qxb5 d4+ 39. Kg1 d3 40. Rab1 Rxa2 41. Qxc4+ Kh8 42. Qxa2 Bc5+ 43. Rf2 Qxa2 44. Rb8+ Ne8 45. Rxe8+ Kg7 46. Re7+ Kg6 0-1

[Event "Sochi ChessAmateur op10"]
[Site "Sochi"]
[Date "2018.10.14"]
[Round "4"]
[White "Volodin, Viktor Nikolaevich"]
[Black "Pshmahov, Osman"]
[Result "1-0"]
[WhiteElo "2172"]
[BlackElo "2011"]
[PlyCount "87"]
[EventDate "2018.10.12"]
[EventType "swiss"]
[EventRounds "9"]
[EventCountry "RUS"]
[SourceTitle "CBM 187 Extra"]
[Source "ChessBase"]
[SourceDate "2018.11.04"]
[SourceVersion "1"]
[SourceVersionDate "2018.11.04"]
[SourceQuality "1"]

1. Nf3 g6 2. d4 Bg7 3. c4 Nf6 4. g3 d6 5. Bg2 0-0 6. 0-0 Nc6 7. Nc3 a6 8. b3 e5 9. e3 Re8 10. Bb2 Bf5 11. d5 Ne7 12. Nh4 Bg4 13. f3 Bd7 14. f4 Ng4 15. Qd2 Bf6 16. h3 Nh6 17. fxe5 Bxe5 18. e4 Bg7 19. Nd1 f5 20. Bxg7 Kxg7 21. Qd4+ Kg8 22. Nc3 g5 23. Qf6 Nf7 24. Nxf5 Nxf5 25. Qxd8 Raxd8 26. exf5 Re5 27. g4 Rde8 28. Kf2 Re3 29. Rac1 h5 30. Bf3 Rd3 31. Ne4 Kg7 32. Rcd1 Rxd1 33. Rxd1 b5 34. c5 Bc8 35. cxd6 cxd6 36. Rc1 Ne5 37. Rc7+ Kh6 38. Nxd6 Nd3+ 39. Kg3 h4+ 40. Kh2 Re3 41. Nf7+ Kg7 42. Ne5+ Kf6 43. Nxd3 Rxd3 44. Bg2 1-0

[Event "Olomouc Summmer op 21st"]
[Site "Olomouc"]
[Date "2018.08.15"]
[Round "6"]
[White "Volodin, Viktor Nikolaevich"]
[Black "Zdrazil, Tomas"]
[Result "0-1"]
[WhiteElo "2186"]
[BlackElo "2065"]
[PlyCount "122"]
[EventDate "2018.08.11"]
[EventType "swiss"]
[EventRounds "9"]
[EventCountry "CZE"]
[SourceTitle "CBM 186 Extra"]
[Source "ChessBase"]
[SourceDate "2018.08.24"]
[SourceVersion "1"]
[SourceVersionDate "2018.08.24"]
[SourceQuality "1"]

1. e4 c5 2. Nf3 d6 3. Bb5+ Nd7 4. d4 cxd4 5. Qxd4 a6 6. Bxd7+ Bxd7 7. Nc3 e5 8. Qd3 h6 9. 0-0 Nf6 10. a4 Be7 11. Nd2 Be6 12. Nc4 Rc8 13. Ne3 Qc7 14. f3 0-0 15. Rd1 Rfd8 16. Kh1 Qc5 17. Ncd5 Nxd5 18. exd5 Bd7 19. Bd2 Bg5 20. c3 b5 21. b4 Qc7 22. a5 f5 23. Rf1 Re8 24. Rae1 Rf8 25. Qe2 Bxe3 26. Qxe3 f4 27. Qb6 Qxb6 28. axb6 Rb8 29. Ra1 Rxb6 30. Ra3 Bc8 31. Rd1 Rb8 32. Ra2 Bb7 33. Be1 Rbc8 34. Re2 g5 35. Kg1 Kg7 36. Kf2 Kg6 37. Bd2 Rf7 38. Ree1 h5 39. h3 Kf5 40. Rh1 Rc4 41. Rhg1 e4 42. fxe4+ Rxe4 43. g4+ hxg4 44. hxg4+ Kg6 45. Rge1 Rfe7 46. Rxe4 Rxe4 47. Bc1 Re5 48. Rh1 Rxd5 49. Rh8 Rd1 50. Rb8 Be4 51. Rb6 Rxc1 52. Rxd6+ Kf7 53. Rxa6 Rc2+ 54. Ke1 Rxc3 55. Rb6 Bd3 56. Kd2 Rb3 57. Rb7+ Kf6 58. Rb6+ Ke5 59. Rb8 Bc4 60. Rf8 Be6 61. Rb8 Rxb4 0-1

[Event "Olomouc Summmer op 21st"]
[Site "Olomouc"]
[Date "2018.08.13"]
[Round "4"]
[White "Volodin, Viktor Nikolaevich"]
[Black "Zakoucka, Adela"]
[Result "1-0"]
[WhiteElo "2186"]
[BlackElo "1960"]
[PlyCount "87"]
[EventDate "2018.08.11"]
[EventType "swiss"]
[EventRounds "9"]
[EventCountry "CZE"]
[SourceTitle "CBM 186 Extra"]
[Source "ChessBase"]
[SourceDate "2018.08.24"]
[SourceVersion "1"]
[SourceVersionDate "2018.08.24"]
[SourceQuality "1"]

1. Nf3 Nf6 2. c4 g6 3. Nc3 Bg7 4. e4 d6 5. d4 Nc6 6. d5 Nb8 7. Be2 Na6 8. 0-0 0-0 9. Be3 Nc5 10. Qc2 a5 11. b3 Ng4 12. Bd4 e5 13. dxe6 Nxe6 14. Bxg7 Nxg7 15. Rad1 Ne6 16. e5 Nf4 17. h3 Nxe5 18. Nxe5 Qg5 19. Ng4 f5 20. h4 Nxe2+ 21. Qxe2 Qxg4 22. Qe7 f4 23. f3 Qe6 24. Rfe1 Qf7 25. Nb5 c6 26. Nxd6 Qxe7 27. Rxe7 Rd8 28. c5 Rb8 29. Rde1 Bd7 30. Rf7 Bf5 31. Ree7 Be6 32. Rg7+ Kf8 33. Rxb7 Rxb7 34. Rxb7 a4 35. bxa4 Ra8 36. Rb4 Bxa2 37. Rxf4+ Ke7 38. Rb4 Ke6 39. Ne4 h6 40. Kf2 Bd5 41. Ke3 Ke5 42. Nf2 Be6 43. Nd3+ Kd5 44. Rd4# 1-0

[Event "Marianske Lazne op 17th"]
[Site "Marianske Lazne"]
[Date "2018.01.26"]
[Round "8"]
[White "Volodin, Viktor Nikolaevich"]
[Black "Ochedzan, Tymon"]
[Result "1/2-1/2"]
[WhiteElo "2207"]
[BlackElo "1796"]
[PlyCount "79"]
[EventDate "2018.01.20"]
[EventType "swiss"]
[EventRounds "9"]
[EventCountry "CZE"]
[SourceTitle "CBM 182 Extra"]
[Source "ChessBase"]
[SourceDate "2018.02.23"]
[SourceVersion "1"]
[SourceVersionDate "2018.02.23"]
[SourceQuality "1"]

1. e4 c5 2. Nc3 Nc6 3. Bb5 Nd4 4. Bc4 g6 5. d3 Bg7 6. f4 d6 7. Nf3 e6 8. 0-0 Ne7 9. Nxd4 cxd4 10. Ne2 0-0 11. Qe1 d5 12. Bb3 a5 13. Ba4 b5 14. Bxb5 Qb6 15. f5 exf5 16. exf5 Nxf5 17. a4 Ne3 18. Bxe3 dxe3 19. c3 Ba6 20. Bxa6 Qxa6 21. d4 Rfe8 22. Qd1 Rab8 23. Qc2 Bh6 24. Rae1 Qd6 25. Rf3 Rb7 26. Nc1 Qb8 27. Nd3 f5 28. g3 Re6 29. Re2 Reb6 30. Qb1 Rb3 31. Qc1 R7b6 32. Qc2 Qe8 33. Qd1 Qb8 34. Qc1 Ra3 35. Rf1 Rab3 36. Rf3 Ra3 37. Rf1 Rab3 38. Rf3 Rb7 39. Kf1 R7b6 40. Kg1 1/2-1/2

[Event "Valasska Bystrice op"]
[Site "Valasska Bystrice"]
[Date "2017.09.12"]
[Round "5"]
[White "Zatloukal, Petr"]
[Black "Volodin, Viktor Nikolaevich"]
[Result "0-1"]
[WhiteElo "2086"]
[BlackElo "2190"]
[PlyCount "124"]
[EventDate "2017.09.09"]
[EventType "swiss"]
[EventRounds "9"]
[EventCountry "CZE"]
[SourceTitle "CBM 180 Extra"]
[Source "ChessBase"]
[SourceDate "2017.10.06"]
[SourceVersion "1"]
[SourceVersionDate "2017.10.06"]
[SourceQuality "1"]

1. e4 d5 2. exd5 Qxd5 3. Nc3 Qd6 4. d4 Nf6 5. Bc4 a6 6. Bb3 b5 7. Nge2 Bb7 8. Bf4 Qd7 9. d5 c5 10. dxc6 Qxd1+ 11. Rxd1 Nxc6 12. a4 b4 13. Nd5 Nxd5 14. Bxd5 e6 15. Bf3 Bc5 16. Bd6 Bb6 17. 0-0 0-0-0 18. Bxc6 Bxc6 19. Bxb4 Bxa4 20. b3 Bc6 21. Ra1 Kb7 22. Ra2 h5 23. Nc3 Rd4 24. Ba5 Rg4 25. g3 Ba7 26. Nd1 h4 27. Ne3 hxg3 28. Nxg4 f5 29. Bc7 Kxc7 30. Rxa6 fxg4 31. Rxa7+ Kb6 32. fxg3 Kxa7 33. Rf7+ Kb6 34. Rxg7 Bf3 35. Rg6 Re8 36. Kf2 Kc5 37. Ke3 Kd5 38. Rh6 Rc8 39. c4+ Ke5 40. h4 Rb8 41. Rh5+ Kd6 42. Rb5 Rf8 43. Rg5 Rb8 44. Rb5 Rf8 45. Rg5 Rc8 46. Kd4 Ke7 47. b4 Kf6 48. Rc5 e5+ 49. Ke3 Rxc5 50. bxc5 Bc6 51. Kd3 Kf7 52. Kc3 Ke6 53. Kd3 Be8 54. Ke3 Bg6 55. c6 Kd6 56. c7 Kxc7 57. h5 Bf5 58. h6 Kc6 59. Kd2 Kc5 60. Kc3 Bh7 61. Kb3 e4 62. Kc3 e3 0-1

[Event "Stare Mesto op"]
[Site "Stare Mesto"]
[Date "2017.08.15"]
[Round "6"]
[White "Volodin, Viktor Nikolaevich"]
[Black "Gyerpal, Adrian"]
[Result "1-0"]
[WhiteElo "2177"]
[BlackElo "1871"]
[PlyCount "99"]
[EventDate "2017.08.11"]
[EventType "swiss"]
[EventRounds "10"]
[EventCountry "CZE"]
[SourceTitle "CBM 180 Extra"]
[Source "ChessBase"]
[SourceDate "2017.10.06"]
[SourceVersion "1"]
[SourceVersionDate "2017.10.06"]
[SourceQuality "1"]

1. Nf3 Nf6 2. c4 g6 3. d4 Bg7 4. g3 0-0 5. Bg2 d6 6. 0-0 c6 7. Nc3 Qa5 8. h3 Be6 9. d5 cxd5 10. Nd4 dxc4 11. Nxe6 fxe6 12. Bxb7 Nbd7 13. Bxa8 Rxa8 14. Qa4 Qxa4 15. Nxa4 Nb6 16. Nc3 Nbd5 17. Bd2 Rb8 18. Rab1 Nxc3 19. Bxc3 e5 20. Rfd1 Ne4 21. Be1 Rd8 22. Rbc1 Rc8 23. f3 Ng5 24. b3 Nxh3+ 25. Kg2 Ng5 26. Rxc4 Rxc4 27. bxc4 e4 28. f4 Ne6 29. Bf2 a6 30. Rb1 Nd4 31. Rb8+ Kf7 32. Bxd4 Bxd4 33. Ra8 Ke6 34. Rxa6 Kd7 35. g4 Kc7 36. Ra5 Kc6 37. Rb5 e6 38. a4 Ba7 39. f5 exf5 40. gxf5 gxf5 41. Kg3 Be3 42. Rxf5 Bc5 43. Kf4 e3 44. Rh5 Kb6 45. Rxh7 Ka5 46. Rb7 Kxa4 47. Ke4 Ka3 48. Rb5 Ka4 49. Rxc5 dxc5 50. Kxe3 1-0